000 00413nam a22001697a 4500
005 20160615112918.0
008 160615b xxu||||| |||| 00| 0 eng d
020 _a81-7808-801-0
041 _aeng
082 _b7712
100 _aKrajewski, Lee J and others
_91967
245 _aOperations Management
260 _aDelhi
_bpearson education
_c2002
300 _a868
650 _aManagement
_9241
942 _cBK
999 _c2756
_d2755